000 02762nam0a2200361 4500
001 RU\NLR\BIBL_A\022254009
005 20260420011032.0
010 _a978-5-6050673-3-7
_9500
021 _aRU
_bКН-П-24-026194
_9КН-П-24-2687
035 _a(NLR Aleph) 022254009
090 _a13659449
_c13659449
100 _a20240617d2023 u y0rusy50 ca
101 0 _arus
102 _aRU
105 _aah j 000zy
181 0 _ai3
_baxxe
182 0 _an
200 1 _aПрактическое (производственное) обучение
_eучебно-методическое пособие
_eдля преподавателей высших школ и среднего профессионального образования, мастеров производственного обучения и обучающихся направления подготовки "Профессиональное обучение" (по отраслям) профиля "Декоративно-прикладное искусство и дизайн" профилизации "Технология и дизайн одежды"
_fАсанова Л. А. - преподаватель, Ислямова Э. А. - преподаватель
_gМинистерство образования, науки и молодежи Республики Крым, Государственное бюджетное образовательное учреждение высшего образования Республики Крым "Крымский инженерно-педагогический университет имени Февзи Якубова"
203 _aТекст
_bвизуальный
_cнепосредственный
205 _a2-е изд., доп. и перераб.
210 _aСимферополь
_cИП Хотеева Л. В.
_d2023
215 _a243 с.
_cил., факс., табл.
_d21
300 _aНа обороте тит. с. авт.: Асанова Л. А. - преподаватель, Ислямова Э. А. - преподаватель
606 1 _aШвейное производство
_jУчебно-методические пособия
_xКадры
_xПодготовка
_92221982
_3RU\NLR\AUTH\661334166
606 1 _aШвейные изделия
_jУчебно-методические пособия
_xДетали
_xОбработка
_91934275
_3RU\NLR\AUTH\661171807
686 1 _aЧ478.757.82я7
686 1 _aМ403.7я7-5
700 1 _aАсанова
_bЛ. А.
_gЛера Ариповна
701 1 _aИслямова
_bЭ. А.
_gЭльвина Асимовна
942 _cBOOK
980 _aNB